00657cam a2200181Ia 4500020001800000020001500018040001000033082002600043100001700069245005200086260012600138300003100264490003400295650003100329650003100360700002400391710006000415 a9789251061404 a9251061408 cBTCTA a338 RUR 2009 A015 Or.1 aMarshall, E.00aNon-farm income from non-wood forest products / aRome :bRural Infrastructure and Agro-Industries Division, Food and Agriculture Organization of the United Nations,c2009 aix, 81 p. :bill. ;c21 cm1 aFAO diversification booklet ; 0aNon-timber forest products 0aNon-timber forest products1 aChandrasekharan, C.2 aFood and Agriculture Organization of the United Nations